|
|
|
|
| LEADER |
00778cam a2200193 7i4500 |
| 001 |
0000035776 |
| 005 |
20150731090000.0 |
| 020 |
|
|
|a 9789830996851 (pbk.)
|
| 020 |
|
|
|a 9830996859 (pbk.)
|
| 090 |
0 |
0 |
|a BP134.A39
|b A63 2006
|
| 100 |
1 |
|
|a Abdullah al-Qari Haji Salleh
|
| 245 |
1 |
0 |
|a Sumbangan Islam kepada sektor pertanian negara :
|b menurut al-Quran dan ar-Sunnah
|c 'Abdullah al-Qari Hj. Salleh.
|
| 260 |
|
|
|a Kuala Lumpur:
|b Al-Hidayah Pub.,
|c 2006.
|
| 300 |
|
|
|a 423 p.:
|b ill.;
|c 26 cm.
|
| 650 |
0 |
0 |
|a Agriculture --
|x Economic aspects --
|x Islamic countries
|
| 650 |
0 |
0 |
|a Agriculture in the Qur'an
|
| 650 |
0 |
0 |
|a Agriculture --
|x Religious aspects --
|x Islam
|
| 999 |
|
|
|a 0000049323
|b BOK
|c OPEN SHELF
|e 1st Floor, Bestari Jaya
|
| 999 |
|
|
|a 0000049324
|b BOK
|c OPEN SHELF
|e 1st Floor, Shah Alam
|